| 000 | 00756nam a2200217 a 4500 | ||
|---|---|---|---|
| 008 | 060316s1994 ||||||||||||||||| || u | ||
| 020 | _a0131484044 | ||
| 050 | _aT 57.6 Haw | ||
| 100 | _aHawryszkiewycz, I. T | ||
| 245 | 1 | 0 | _aIntroduction to systems analysis and design. (3rd ed.) |
| 246 | _aI. T. Hawryszkiewcyz | ||
| 246 | _aSystems analysis and design | ||
| 250 | _a3rd ed. | ||
| 260 |
_aSydney : _bPrentice Hall _c1994 |
||
| 300 | _axviii, 490 p. : ill. | ||
| 350 | _a0.00 | ||
| 500 | _aIncludes bibliographical references | ||
| 650 | 0 | _aSYSTEM DESIGN | |
| 650 | _aSYSTEMS ANALYSIS | ||
| 995 |
_D0.00 _FCBU-MAIN LIBRARY (Kitwe) _H1 _I25.00 _M1 _UAVAILABLE _ZAnnex Low-Usage Collection |
||
| 999 |
_c48025 _d48025 |
||